000 00331nam a22001457a 4500
008 210518b ||||| |||| 00| 0 eng d
020 _a2900073376829
041 _aeng
080 _23rd
_a33
082 _a33
100 _a58
101 _aBIZ
245 _aBusiness Driven Information Systems
_cPaige Baltzan
942 _2udc
_cBK
999 _c57394
_d57394